Atravesando fronteras : (Record no. 16169)
[ view plain ]
| 000 -LEADER | |
|---|---|
| fixed length control field | 01359cam a2200385Ia 4500 |
| 003 - CONTROL NUMBER IDENTIFIER | |
| control field | SJDS |
| 005 - DATE AND TIME OF LATEST TRANSACTION | |
| control field | 20160915202818.0 |
| 008 - FIXED-LENGTH DATA ELEMENTS--GENERAL INFORMATION | |
| fixed length control field | 030919s2002 nyuaf 000 0aspa d |
| 020 ## - INTERNATIONAL STANDARD BOOK NUMBER | |
| International Standard Book Number | 0060559292 (pbk.) |
| 020 ## - INTERNATIONAL STANDARD BOOK NUMBER | |
| International Standard Book Number | 9780060559298 (pbk.) |
| 035 ## - SYSTEM CONTROL NUMBER | |
| System control number | (OCoLC)53055890 |
| 040 ## - CATALOGING SOURCE | |
| Original cataloging agency | IEP |
| Transcribing agency | IEP |
| Modifying agency | OCLCQ |
| -- | OCLCG |
| -- | UAF |
| -- | IFA |
| -- | UtOrBLW |
| 041 ## - LANGUAGE CODE | |
| Language code of text/sound track or separate title | spa |
| 043 ## - GEOGRAPHIC AREA CODE | |
| Geographic area code | n-us--- |
| 049 ## - LOCAL HOLDINGS (OCLC) | |
| Holding library | IFAA |
| 099 ## - LOCAL FREE-TEXT CALL NUMBER (OCLC) | |
| Classification number | ESPANOL 92 RAMOS 2002 |
| 999 ## - SYSTEM CONTROL NUMBERS (KOHA) | |
| Koha Dewey Subclass [OBSOLETE] | ESPANOL 92 RAMOS 2002 |
| 100 1# - MAIN ENTRY--PERSONAL NAME | |
| Personal name | Ramos, Jorge, |
| Dates associated with a name | 1958- |
| 245 10 - TITLE STATEMENT | |
| Title | Atravesando fronteras : |
| Remainder of title | la autobiografía de un periodista en busca de su lugar en el mundo / |
| Statement of responsibility, etc. | Jorge Ramos. |
| 246 30 - VARYING FORM OF TITLE | |
| Title proper/short title | Autobiografía de un periodista en busca de su lugar en el mundo |
| 250 ## - EDITION STATEMENT | |
| Edition statement | First edition. |
| 260 ## - PUBLICATION, DISTRIBUTION, ETC. (IMPRINT) | |
| Place of publication, distribution, etc. | New York : |
| Name of publisher, distributor, etc. | Rayo, |
| Date of publication, distribution, etc. | 2002. |
| 264 #1 - PRODUCTION, PUBLICATION, DISTRIBUTION, MANUFACTURE, AND COPYRIGHT NOTICE | |
| Place of production, publication, distribution, manufacture | New York : |
| Name of producer, publisher, distributor, manufacturer | Rayo, |
| Date of production, publication, distribution, manufacture, or copyright notice | 2002. |
| 300 ## - PHYSICAL DESCRIPTION | |
| Extent | xxvi, 320 pages, 16 unnumbered plates : |
| Other physical details | illustrations ; |
| Dimensions | 21 cm |
| 336 ## - CONTENT TYPE | |
| Content type term | text |
| Content type code | txt |
| Source | rdacontent |
| 337 ## - MEDIA TYPE | |
| Media type term | unmediated |
| Media type code | n |
| Source | rdamedia |
| 338 ## - CARRIER TYPE | |
| Carrier type term | volume |
| Carrier type code | nc |
| Source | rdacarrier |
| 600 10 - SUBJECT ADDED ENTRY--PERSONAL NAME | |
| Personal name | Ramos, Jorge, |
| Dates associated with a name | 1958- |
| 600 17 - SUBJECT ADDED ENTRY--PERSONAL NAME | |
| Personal name | Ramos, Jorge, |
| Dates associated with a name | 1958- |
| Source of heading or term | bidex |
| 650 #0 - SUBJECT ADDED ENTRY--TOPICAL TERM | |
| Topical term or geographic name as entry element | Television journalists |
| Geographic subdivision | United States |
| Form subdivision | Biography. |
| 650 #0 - SUBJECT ADDED ENTRY--TOPICAL TERM | |
| Topical term or geographic name as entry element | Mexican Americans |
| Form subdivision | Biography. |
| 650 #7 - SUBJECT ADDED ENTRY--TOPICAL TERM | |
| Topical term or geographic name as entry element | Periodistas televisivos |
| Geographic subdivision | Estados Unidos |
| Form subdivision | Biografía. |
| Source of heading or term | local |
| 650 #7 - SUBJECT ADDED ENTRY--TOPICAL TERM | |
| Topical term or geographic name as entry element | Mexicano-americanos |
| Form subdivision | Biografía. |
| Source of heading or term | bidex |
| 942 ## - ADDED ENTRY ELEMENTS (KOHA) | |
| Koha item type | Libro/Book |
| Source of classification or shelving scheme | Dewey Decimal Classification |
No items available.